LEADER 01627nam 2200433 a 450 001 9910690355103321 005 20020409134349.0 035 $a(CKB)5470000002337742 035 $a(OCoLC)49544712 035 9 $aocm49544712 035 $a(OCoLC)995470000002337742 035 $a(EXLCZ)995470000002337742 100 $a20020409d1998 ua 0 101 0 $aeng 135 $auran|||||| 181 $ctxt$2rdacontent 182 $cc$2rdamedia 183 $acr$2rdacarrier 200 10$aFinancial management$b[electronic resource] $eissues to be considered by DOD in developing guidance for disclosing deferred maintenance on ships : report to agency officials /$fUnited States General Accounting Office 210 1$aWashington, D.C. (P.O. Box 37050, Washington 20013) :$cThe Office,$d[1998] 300 $a"B-278809"--P. 1. 300 $a"February 1998." 300 $a"GAO/AIMD-98-46." 300 $aPaper version available from the General Accounting Office. 300 $aTitle from title screen. 320 $aIncludes bibliographical references. 517 $aFinancial management 606 $aGovernment property$xAccounting$xStandards$zUnited States 606 $aMilitary capital$zUnited States$xAccounting 606 $aWarships$zUnited States$xMaintenance and repair$xAccounting 615 0$aGovernment property$xAccounting$xStandards 615 0$aMilitary capital$xAccounting. 615 0$aWarships$xMaintenance and repair$xAccounting. 801 0$bGPO 801 1$bGPO 906 $aBOOK 912 $a9910690355103321 996 $aFinancial Management$9424135 997 $aUNINA